| 000 | 00614nam a22002057a 4500 | ||
|---|---|---|---|
| 003 | OSt | ||
| 005 | 20220107122735.0 | ||
| 008 | 140412b xxu||||| |||| 00| 0 eng d | ||
| 020 | _a9788131711156 | ||
| 040 | _cIIITM-K | ||
| 082 | _a005.133C++ ALE/M | ||
| 100 |
_aAlexandrescu, Andrei _93948 |
||
| 245 |
_aModern C++ design: _bGeneric programming and design patterns applied _cby Andrei Alexandresu |
||
| 260 |
_aNew Delhi, _bPearson, _c2001. |
||
| 300 | _axxii, 323p. | ||
| 650 |
_aCOMPUTER SCIENCE _93949 |
||
| 650 |
_aPROGRAMMING LANGUAGES _93950 |
||
| 650 |
_aC PLUS PLUS PROGRAMMING _93951 |
||
| 942 |
_2ddc _cBK |
||
| 999 |
_c3798 _d3798 |
||